000 00591nam a2200229 i 4500
001 C2-0309473
003 PPAK
005 20180728100538.0
008 110530s2004 my |||| ||||| | may d
020 _a9830776816
040 _aPPAK
_beng
_cPPAK
_erda
082 0 4 _a297.74
_223
090 0 0 _a297.74
_bFAD
_dKMI
245 0 0 _aFadhilat tabligh
264 1 _aJohor Bahru, Johor :
_bPerniagaan Jahabersa ,
_c2004
300 _a79 pages ;
_c16 cm
336 _2rdacontent
_atext
337 _2rdamedia
_aunmediated
338 _2rdacarrier
_avolume
650 1 0 _aDa'wah
942 _ddc
_cB
999 _c112012
_d112012